Представление документа в формате RUSMARC

ПолеНазваниеЗначение
  Тип записи a
  Библиографический уровень m
001 Контрольный номер RU/IS/BASE/429708964
005 Дата корректировки 20240209174503.4
010 Индекс ISBN __
a ISBN 5-902403-12-х
d Цена 80 р. 00 к.
100 Данные общей обработки __
a Данные общей обработки 20130813d2013 ||| 0rusy0189 ca
101 Язык документа 0_
a Язык текста rus
102 Страна публикации __
a Страна публикации RU
105 Кодированные данные (монография) __
a Кодированные данные (монография) y###||||000|y
200 Заглавие и сведения об ответственности 1_
a Заглавие Что такое наследство и как его правильно оформить? (Права наследодателей и наследников)
b Общее обозначение материала Текст
e Сведения, относящиеся к заглавию научно-практическое пособие
210 Выходные данные 0_
a Место издания Москва
c Издательство ЭЛИТ
d Дата издания 2004
215 Физическое описание __
a Объем 301 с.
d Формат 20,5 см.
300 Общие примечания __
a Общие примечания Ограничения по возрасту - 18+
606 Тематические рубрики 0_
a Основная рубрика Наследственное право
610 Ключевые слова 0_
a Ключевые слова наследство
a Ключевые слова наследники
a Ключевые слова наследодатели
a Ключевые слова наследование
686 Индексы других классификаций __
a Классификационный индекс 67.404.5
2 Код системы ББК
700 Автор _1
a Фамилия Гончаров
b Имя (инициалы) А. А.
g Полное личное имя А. А.
701 Альтернативная интеллектуальная ответственность _1
a Фамилия Кутузов
b Имя (инициалы) О. В.
701 Альтернативная интеллектуальная ответственность _1
a Фамилия Попонов
b Имя (инициалы) Ю. Г.
801 Источник записи _0
a Страна RU
b Организация МБУК ЦБС г. Ульяновска
c Дата составления 20130813
g Правила каталогизации RCR
801 Источник записи _1
a Страна RU
b Организация МБУК ЦБС г. Ульяновска
c Дата составления 20130813
g Правила каталогизации RCR
899 Данные о местонахождении __
i Авторский знак Г 65
j Расстановочный фильтр 67.404.5
901 Тип документа __
t Тип документа m
910 Корректоры записи __
a Корректор записи Зотова